| 000 | 00408nam a2200157Ia 4500 | ||
|---|---|---|---|
| 008 | 210210b1970 xxu||||| |||| 00| 0 eng d | ||
| 082 | _a361.973 HORS | ||
| 100 | _aHORTON (Paul B) & LESLIE (Gerald R). | ||
| 245 | _aSociology of social problems. Ed.4 | ||
| 250 | _a | ||
| 260 |
_aNY _bA C C _c1970 |
||
| 300 | _axi,668 | ||
| 650 | _aAmerican social problems | ||
| 690 | _aSocial Problems | ||
| 906 | _a040983 | ||
| 999 |
_c90752 _d90752 |
||